Mecánica cuántica /
Contenido: 1) Preliminares; 2) Potenciales y barreras unidimensionales; 3) El oscilador armónico y sus aplicaciones; 4) El momento angular; 5) Movimiento esféricamente simétrico; 6) teoría de perturbaciones; 7) Dispersión; 8) Métodos de aproximación variacionales y semiclásicos; 9) Sistemas de mucho...
Kaydedildi:
| Yazar: | |
|---|---|
| Materyal Türü: | Kitap |
| Dil: | İspanyolca |
| Baskı/Yayın Bilgisi: |
México :
UNAM, Facultad de Ciencias,
2006, c2002
|
| Edisyon: | 2a edición |
| Seri Bilgileri: | (Las Prensas de Ciencias. Temas de Física)
|
| Konular: | |
| Etiketler: |
Etiket eklenmemiş, İlk siz ekleyin!
|
MARC
| LEADER | 00000nam^a2200000^a^4500 | ||
|---|---|---|---|
| 001 | 000297168 | ||
| 005 | 20250521000000.0 | ||
| 009 | 20260310112330.796 | ||
| 020 | |a 968-36-9990-1 | ||
| 037 | |a Acervo ITESO - Biblioteca | ||
| 041 | |a ESP | ||
| 082 | |a 530. 12 |b LLA | ||
| 100 | |a Llano, Manuel de |e (autor) | ||
| 245 | 1 | 0 | |a Mecánica cuántica / |c M. de Llano. |
| 250 | |a 2a edición | ||
| 264 | 4 | |a México : |b UNAM, Facultad de Ciencias, |c 2006, c2002 | |
| 300 | |a X, 306 p. | ||
| 336 | |a texto |b txt |2 rdacontenido | ||
| 337 | |a sin mediación |b n |2 rdamedio | ||
| 338 | |a volumen |b nc |2 rdasoporte | ||
| 440 | 5 | |a (Las Prensas de Ciencias. |p Temas de Física) | |
| 520 | |a Contenido: 1) Preliminares; 2) Potenciales y barreras unidimensionales; 3) El oscilador armónico y sus aplicaciones; 4) El momento angular; 5) Movimiento esféricamente simétrico; 6) teoría de perturbaciones; 7) Dispersión; 8) Métodos de aproximación variacionales y semiclásicos; 9) Sistemas de muchos cuerpos. | ||
| 649 | |a XX | ||
| 650 | |a Momento Angular (Física Nuclear) | ||
| 650 | |a Principios Variacionales | ||
| 650 | |a Mecánica Cuántica - |x Tema Principal | ||
| 650 | |a Física - |x Teoría | ||
| 910 | |a Fondo General | ||
| 920 | |a Impresos - Libros | ||
| 930 | |a Colección General | ||
| 905 | |a 101 | ||
| 901 | |a 0500182849 |b IT1 |c ACC |i C122708 |u 20250521 | ||
| 902 | |a https://opac.biblio.iteso.mx/vufind/Record/000297168 | ||